[Event "JUG Team Ch women"]
[Site "Tivat"]
[Date "1995.??.??"]
[Round "5"]
[White "Peng Zhaoqin"]
[Black "Manakova, Maria"]
[Result "1-0"]
[WhiteElo "2395"]
[BlackElo "2385"]
[PlyCount "85"]
[EventDate "1995.??.??"]
[Source "www.chesslib.no"]
[SourceDate "2004.05.04"]

1. d4 e6 2. c4 f5 3. g3 Nf6 4. Bg2 Bb4+ 5. Nd2 O-O 6. Ngf3 b6 7. Qa4 Bxd2+ 8. Nxd2 c6 9. O-O Bb7 10. Qc2 Qc7 11. c5 Na6 12. a3 e5 13. Nc4 exd4 14. Bf4 Qd8 15. Nd6 Bc8 16. Qc4+ Kh8 17. b4 bxc5 18. bxc5 Qa5 19. Nf7+ Rxf7 20. Qxf7 Nxc5 21. Be5 Ne6 22. Bxf6 gxf6 23. Qxf6+ Kg8 24. Bh3 Ba6 25. Bxf5 Qd5 26. Bg4 Rf8 27. Qe7 h5 28. Bxe6+ dxe6 29. Rfe1 Qf5 30. f4 Rf7 31. Qd8+ Kh7 32. Qxd4 h4 33. Rac1 hxg3 34. hxg3 Qh3 35. Qe4+ Kg7 36. Qg2 Qg4 37. Rc5 Rf5 38. Rxf5 exf5 39. Qf3 Qxf3 40. exf3 Kf6 41. Rc1 Bb5 42. Rc5 Ke6 43. Kf2 1-0

[Event "XIX Carlos Torre Mem"]
[Site "Merida MES"]
[Date "2006.12.14"]
[Round "1"]
[White "Graf, A."]
[Black "Ancheyta, A."]
[Result "1-0"]
[WhiteElo "2601"]
[BlackElo "2175"]
[PlyCount "77"]
[EventDate "2006.12.14"]
[Source "www.chesslib.no"]
[SourceDate "2004.05.04"]

1. d4 e6 2. c4 f5 3. g3 Nf6 4. Bg2 Bb4+ 5. Nd2 O-O 6. Ngf3 Qe8 7. O-O Qh5 8. a3 Be7 9. b4 d6 10. Bb2 Nbd7 11. Qb3 Ng4 12. h3 Nh6 13. e4 fxe4 14. Nxe4 Nb6 15. Rae1 d5 16. cxd5 exd5 17. g4 Rxf3 18. Qxf3 dxe4 19. Qxe4 Bxg4 20. Qxe7 Bxh3 21. Re5 Bf5 22. Rc1 Ng4 23. Rxc7 Qh2+ 24. Kf1 Bd3+ 25. Ke1 Qg1+ 26. Kd2 Qxf2+ 27. Kd1 Qf6 28. Re6 Qxe7 29. Rexe7 Nc4 30. Rxg7+ Kh8 31. Rxg4 Nxb2+ 32. Kd2 Bg6 33. Be4 Bxe4 34. Rxe4 Rd8 35. Rh4 Kg8 36. Kc2 Na4 37. Rhxh7 Rxd4 38. Rcg7+ Kf8 39. Rxb7 1-0

[Event "First Saturday GM - Agosto 2007"]
[Site "Budapest UNG"]
[Date "2007.08.07"]
[Round "2"]
[White "Lorscheid, Gerd"]
[Black "Bui, Vinh"]
[Result "1/2-1/2"]
[WhiteElo "2309"]
[BlackElo "2466"]
[PlyCount "41"]
[EventDate "2007.08.06"]
[Source "www.chesslib.no"]
[SourceDate "2004.05.04"]

1. d4 f5 2. g3 Nf6 3. Bg2 e6 4. c4 Bb4+ 5. Nd2 O-O 6. Ngf3 d6 7. O-O Bxd2 8. Qxd2 Nc6 9. b4 a6 10. a4 Bd7 11. Qb2 Rb8 12. b5 Na5 13. Qb4 b6 14. Ba3 axb5 15. axb5 Re8 16. Rac1 Nb7 17. Bb2 Qe7 18. Ra1 Na5 19. Rfc1 h6 20. Nd2 Rbd8 21. Bc3 1/2-1/2

[Event "Balaton Summer op"]
[Site "?"]
[Date "2002.06.24"]
[Round "4"]
[White "Pataki Gyozo"]
[Black "Naumkin Igor"]
[Result "1/2-1/2"]
[WhiteElo "2337"]
[BlackElo "2433"]
[PlyCount "25"]
[EventDate "2002.??.??"]
[Source "www.chesslib.no"]
[SourceDate "2004.05.04"]

1. d4 e6 2. c4 f5 3. g3 Nf6 4. Bg2 Bb4+ 5. Nd2 O-O 6. Nh3 Nc6 7. a3 Bxd2+ 8. Qxd2 a5 9. b3 Qe8 10. Bb2 d6 11. Nf4 Ne7 12. O-O Ng6 13. Nxg6 1/2-1/2

[Event "BCF Ch"]
[Site "Chester"]
[Date "1979.??.??"]
[Round "2"]
[White "Cooper, John Grantley"]
[Black "Bellin, Robert"]
[Result "1/2-1/2"]
[WhiteElo "2345"]
[BlackElo "2425"]
[PlyCount "44"]
[EventDate "1979.08.??"]
[Source "www.chesslib.no"]
[SourceDate "2004.05.04"]

1. d4 e6 2. c4 f5 3. g3 Nf6 4. Bg2 Bb4+ 5. Bd2 Qe7 6. e3 O-O 7. Ne2 Bxd2+ 8. Nxd2 d6 9. O-O e5 10. b4 Nc6 11. Qb3 exd4 12. Nxd4 Nxd4 13. exd4 f4 14. c5+ Kh8 15. Rfe1 Qd8 16. cxd6 cxd6 17. Nf3 Ng8 18. Qd5 Nf6 19. Qg5 fxg3 20. hxg3 Bd7 21. Nh4 Rc8 22. Re2 Rc7 1/2-1/2

[Event "2. Open"]
[Site "?"]
[Date "2003.12.12"]
[Round "5"]
[White "Mikhalevski Victor"]
[Black "Guillen Ramirez Jose Antonio"]
[Result "1-0"]
[WhiteElo "2548"]
[BlackElo "2220"]
[PlyCount "71"]
[EventDate "2003.??.??"]
[Source "www.chesslib.no"]
[SourceDate "2004.05.04"]

1. d4 e6 2. c4 f5 3. g3 Nf6 4. Bg2 Bb4+ 5. Nd2 O-O 6. Ngf3 d6 7. O-O Bxd2 8. Qxd2 Qe8 9. b3 e5 10. dxe5 dxe5 11. Ba3 Rf7 12. Qc3 Nc6 13. Ng5 Rd7 14. Bxc6 bxc6 15. Nf3 e4 16. Ne5 Rd8 17. Qa5 Rd5 18. cxd5 Qxe5 19. Qc5 h6 20. dxc6 Qe8 21. Bb2 Nh7 22. Qe5 Qf7 23. Rfd1 Be6 24. Rd2 Ng5 25. Rad1 Qg6 26. Rd8+ Rxd8 27. Rxd8+ Kh7 28. Qxc7 Nf7 29. Rd2 f4 30. Qxf4 Bh3 31. Rd1 Ng5 32. Qe5 Ne6 33. c7 e3 34. c8=Q exf2+ 35. Kxf2 Qf7+ 36. Kg1 1-0